00572nam a2200109Ia 4500008004100000100003000041245020500071260008400276300001800360650001400378856007000392160712s9999 xx 000 0 und d aMaceda, Teresita Gimenez. cTeresita Gimenez MacedaaSi Ka Pepe Diokno sa Pananaw ni Monico Atienza: Interbyu kay Monico Atienza para sa Video-Dokumentaryong “A Nation for our Children, The Life and Vision of Jose W. Diokno” c2015bLagda: Journal ng U.P. Departamento ng Filipino at Panitikan ng Pilipinas avol. 10 no. 1 xPANITIKAN uhttp://journals.upd.edu.ph/index.php/lagda/issue/view/545/showToc